000 00617nam a2200229Ia 4500
003 OSt
005 20221007064033.0
006 a|||||r|||| 00| 0
007 ta
008 221006b |||||||| |||| 00| 0 eng d
024 _a25,695
037 _cTextual
040 _aFLL
_cFLL
_beng
041 _2eng
_aeng
082 _aV73:2:9Zz7, J5;1
100 _aGriswold Erwin N.
245 0 _a5th amendment today
260 _aCambridge
_bHarvard University Press London
_c1955
300 _avi,82p
_ccm.
942 _hV73:2:9Zz7, J5;1
_cTEXL
_2CC
999 _c1132827
_d1132827